| 000 | 00702nam a2200193Ia 4500 | ||
|---|---|---|---|
| 008 | 151121s9999||||xx |||||||||||||| ||und|| | ||
| 082 | _a833-/ झारी | ||
| 082 | _bHNW-74780 | ||
| 100 | _aझारी विजयदेव - संपा । | ||
| 245 | _aकालजयी कहानियाँ | ||
| 260 | _b"शारदा प्रकाशन, दिल्ली।" | ||
| 260 | _c-- | ||
| 300 | _a236 | ||
| 600 | _aझारी विजयदेव - संपा । | ||
| 630 | _aकालजयी कहानियाँ | ||
| 700 | _aझारी विजयदेव - संपा । | ||
| 730 | _aकालजयी कहानियाँ | ||
| 942 | _cBOOK | ||
| 999 |
_c1256226 _d1256223 |
||